000 00336nam a2200145Ia 4500
005 20251222143115.0
008 251222s9999||||xx |||||||||||||| ||spa||
020 _a978849341563
082 _a813.54/D31
100 _aDavies, Robertson
245 0 _aEl Quinto en Discordia
250 _a6ta.ed.
264 _bAsteroide
942 _cLIB
999 _c11328
_d11328